000 00385nam a22001697a 4500
999 _c11648
_d11648
003 OSt
008 230102b ||||| |||| 00| 0 eng d
020 _a9780070634190
082 _a510 RAH
100 _aRAMANA,BV
245 _aHigher Engineering Mathematics
250 _aRep
260 _aNew Delhi
_bTMH
_c2022
300 _aMISC
650 _aMathematics
942 _2ddc
_cBK
_019